Dictionary of Biotechnology in English-Japanese-German

Gespeichert in:
Bibliographische Detailangaben
Hauptverfasser: Schmid, Rolf, Saburo, Fukui (Verfasst von)
Format: Buch
Sprache:Englisch
Veröffentlicht: Berlin Springer Verlag 1986
Online-Zugang:Im OPAC anzeigen
Tags: Tag hinzufügen
Keine Tags, Fügen Sie das erste Tag hinzu!

MARC

LEADER 00000nam a2200000 a 4500
005 20260127134321.0
008 000507e1986 gw g eng c
035 |a vtls008456824 
035 |a SAVUKc030618 
039 9 |a 200905191026  |b mschk03  |y 200602022353  |z VLOAD 
040 |a SAVUK  |b slo  |c SNK  |d STUSCHK1  |e AACR2 
041 1 |a eng 
044 |a gw  |c DE 
100 1 |a Schmid, Rolf 
245 1 0 |a Dictionary of Biotechnology in English-Japanese-German  |c Rolf Schmid, Fukui Saburo 
260 |a Berlin  |b Springer Verlag  |c 1986 
300 |a 1324 s. 
700 1 |a Saburo, Fukui  |4 aut 
910 |a savuk 
910 |a SCHK95 
999 |c 9647  |d 9647